Historia y estampas cromáticas

Sparad:
Bibliografiska uppgifter
Huvudupphovsman: Rodríguez Mendoza, E. (Författare, medförfattare)
Materialtyp: Bok
Språk:spanska
Publicerad: Santiago Zig - Zag 1942
Upplaga:1a. ed
Ämnen:
Taggar: Lägg till en tagg
Inga taggar, Lägg till första taggen!

MARC

LEADER 00000nam a2200000 a 4500
001 UCZ6232
003 CL-VaPUC
008 951205e19420000CL |||||||||||||||||spa|d
082 0 4 |a Ch860.9  |b MEN  |2 21 
100 |a Rodríguez Mendoza, E.  |e author  |9 508920 
245 1 0 |a Historia y estampas cromáticas 
250 |a 1a. ed 
300 |a 252 p 
942 |c BK 
945 |d 19951205 00:00:00  |a rleighto 
260 |a Santiago  |b Zig - Zag  |c 1942 
650 0 |a Literatura chilena   |9 308278 
650 0 |a Crítica literaria   |9 269189 
650 0 |a Antropología cultural y social   |9 265143 
583 |a last modification  |c 19951205 00:00:00  |k Rodrigo Vera 
999 |c 242468  |d 242466 
952 |0 0  |1 0  |4 0  |6 CH_860_900000000000000_MEN_1942  |7 0  |8 A  |9 255463  |a BIBEDU  |b BIBEDU  |d 2019-11-19  |i 3157466  |o Ch860.9 MEN 1942  |p 3157466  |r 2019-11-19  |w 2019-11-19  |y BK  |k LIT 
952 |0 0  |1 0  |4 0  |6 CH_860_900000000000000_MEN_1942  |7 0  |8 X  |9 255464  |a FDOBUD  |b FDOBUD  |d 2019-11-19  |i 101322K  |o Ch860.9 MEN 1942  |p 101322K  |r 2019-11-19  |w 2019-11-19  |y BK_X  |k BUD